000 01655cam a22004814i 4500
003 PE-LiUPU
005 20250731172935.0
008 150623s1994 miu r 000 0 eng d
020 _a0802808018
035 _a(Sirsi) i9780802808011
040 _aPE-LiUPU
_bspa
_cPE-LiUPU
_erda
049 _aPRUA
082 0 4 _a284.2
_bC18
_221
100 1 _aCalvino, Juan,
_eautor.
245 1 2 _aA harmony of the gospels Matthew, Mark and Luke /
_cJuan Calvino.
264 1 _aMichigan :
_bWilliam B. Eerdmans Publishing Company,
_c1994.
300 _a326 páginas ;
_c23 centímetros.
336 _atext
_2rdacontent
337 _aunmediated
_2rdamedia
338 _avolume
_2rdacarrier
490 0 _aCalvin's new testament commentaries ;
_v1
505 0 _aThe theme of the gospel of Jesus Christ -- A commentary on the harmony of the gospels.
526 _aSEG42
526 _aSEG41
526 _aSEG40
526 _aSEG39
526 _aP94
526 _aP87
526 _aP86
526 _aP85
526 _aP77
526 _aP76
526 _aP35
630 0 4 _aBiblia.
_pN.T.
_pLucas
_xComentarios.
630 0 4 _aBiblia.
_pN.T.
_pMarcos
_xComentarios.
630 0 4 _aBiblia.
_pN.T.
_pMateo
_xComentarios.
942 _2ddc
_cBOOK
949 _a284.2 C18
_wDEWEY
_c1
_i44361
_lCCODEBUL1
_mBUL
_r0
_sY
_tBOOK
_u2015-6-24
_xTEOLOGIA
_PP35
_0COMPRA
_o.STAFF. Colección General
994 _aC0
_bPEPRU
596 _a1
999 _a284.2 C18
_wDEWEY
_c21241
_i44361
_f2021-11-11
_g5
_lCCODEBUL1
_mBUL
_p14.89
_r0
_sY
_tBOOK
_u2015-6-24
_xTEOLOGIA
_PP35
_0COMPRA
_o.STAFF. Colección Teología
_d21241
980 _81
_gALBERTO SANCHEZ Responsable de Automatización